| 000 | 00488pab a2200169 454500 | ||
|---|---|---|---|
| 008 | 180718b2017 xxu||||| |||| 00| 0 eng d | ||
| 100 | _aVoorn, Bart | ||
| 245 | _aThe efficiency and effectiveness of municipally owned corporations: a systematic review | ||
| 260 | _c2017 | ||
| 300 | _ap.820-841. | ||
| 362 | _aOct | ||
| 650 | _aMunicipal corporations | ||
| 700 | _aThiel, Sandra van | ||
| 700 | _aGenugten, Marieke L. van | ||
| 773 | _aLocal Government Studies | ||
| 909 | _a116787 | ||
| 999 |
_c116781 _d116781 |
||